000 00531nam a22001697a 4500
003 OSt
005 20251009021453.0
008 251009b |||||||| |||| 00| 0 eng d
020 _a 978-971-9905-38-2
040 _aDWCL-Main lib.
_cOC
082 _aFil. 658.39 P434p 2012
100 _aPedrito Real Pereda
245 _aPinoy human behavior in organization
_cPedrito Real Pereda
260 _aIntramuros, Manila:
_b Mindshapers,
_cc2012.
300 _ax, 429 pages :
_billustrations ;
_c23 cm.
942 _2ddc
_cBK-CIRC
_kCirc.
_n0
999 _c4749
_d4749